000
00208 a2200097 4500
001
22602
100
_a
Fowler, F S
245
_a
Pocket Oxford dictionary
260
_a
_b
Oxford
_c
1959
090
_c
15259
_d
15259
942
_a
NUST-CAE
_c
M
_c
5846
999
_c
257675
_d
257675